| 000 | 00327nam a2200133 i 4500 | ||
|---|---|---|---|
| 001 | bg | ||
| 100 | 1 | _aNUROWSKI, Wojciech Henryk | |
| 245 | 0 |
_aSystem finansowania handlu / _cWojciech Henryk Nurowski. |
|
| 260 |
_aKielce, _c1979. |
||
| 040 | _cBPK | ||
| 041 | _apol | ||
| 942 | _cKS | ||
| 008 | s pl f |000 0 pol | ||
| 999 |
_c21489 _d21489 |
||
| 856 |
_uhttp://koha.tu.koszalin.pl/cgi-bin/koha/opac-detail.pl?biblionumber=21489 _yKatalog online BPK |
||